Augusto Monterroso en su jardín /

Entrevista con Augusto Monterroso, en que el escritor guatemalteco relata algunos pasajes de su juventud y de su vida creativa.

Zapisane w:
Opis bibliograficzny
1. autor: Monterroso, Augusto (autor)
Kolejni autorzy: Isaac, Claudio (realización) (realización), Isaac, Claudio (guión) (guión), Goded, Angel (fotógrafo) (fotógrafo)
Format: Diapozytyw
Język:hiszpański
Wydane: México : CONACULTA : Canal 22, 1999, c1999
Seria:(Videoteca Universal CONACULTA)
(Literatura. Creadores Eméritos)
Hasła przedmiotowe:
Etykiety: Dodaj etykietę
Nie ma etykietki, Dołącz pierwszą etykiete!

MARC

LEADER 00000ngm^a2200000^a^4500
001 000300639
005 20250521000000.0
009 20260310112521.133
037 |a Acervo ITESO - Biblioteca 
041 |a ESP 
082 |a 860. 9728105  |b MON 
100 |a Monterroso, Augusto  |e (autor) 
245 1 0 |a Augusto Monterroso en su jardín /  |c A. Monterroso ; realización de C. Isaac. 
264 4 |a México :  |b CONACULTA :  |b Canal 22,  |c 1999, c1999 
300 |a 1 DVD multirregión  |c (53 min.) 
336 |a imagen móvil bidimensional  |b tdi  |2 rdacontenido 
337 |a video  |b v  |2 rdamedio 
338 |a videodisco  |b vd  |2 rdasoporte 
440 1 |a (Videoteca Universal CONACULTA) 
440 1 |a (Literatura.  |p Creadores Eméritos) 
520 |a Entrevista con Augusto Monterroso, en que el escritor guatemalteco relata algunos pasajes de su juventud y de su vida creativa. 
545 0 |a Augusto Monterroso, autor guatemalteco nacido en 1921 en Tegucigalpa y radicado en México a partir de 1956, donde muere en 2002. Autor, entre otras, de: Obras completas (y otros cuentos) (1959); La oveja negra y otras fábulas (1969); Animales y hombres (1971); Movimiento perpetuo (1972); Viaje al centro de la fábula (1982); Cuentos completos (1987); La letra E (1987) y Los buscadores de oro (1993). Ampliamente elogiado por su estilo e ingenio en la escritura del relato corto, se le considera uno de los maestros de la minificción. Su narrativa se caracteriza por una prosa concisa, aparentemente sencilla pero cargada de referencias cultas y con frecuencia sustituye nombres por apócopes; con un excelente manejo de la parodia, la caricatura y el humor negro, su visión del mundo resulta provocadora. Entre los reconocimiento que mereció su obra se encuentran los premios Magda Donato (1970), Xavier Villaurrutia (1975), Nacional de Literatura Miguel Angel Asturias (1997) y el Príncipe de Asturias de las letras (2000); el gobierno mexicano le concedió en 1988 el Aguila Azteca por su aporte a la cultura de su país adoptivo. 
586 |a Premio de Literatura Latinoamericana y del Caribe Juan Rulfo 1996: Biografías, crítica e interpretación 
586 |a Premio Príncipe de Asturias de las Letras 2001: Biografías, crítica e interpretación 
649 |a XX 
650 |a Creación (Literaria, Artística, etc.) 
650 |a Minificciones -  |x Historia y Crítica 
650 |a Escritores Guatemaltecos -  |x Entrevistas 
650 |a Literatura Guatemalteca -  |x Historia y Crítica 
650 |a Literatura Guatemalteca -  |y Siglo XX 
650 |a Monterroso, Augusto -  |x Tema Principal 
700 |a Isaac, Claudio  |e (realización) 
700 |a Isaac, Claudio  |e (guión) 
700 |a Goded, Angel  |e (fotógrafo) 
910 |a Fondo General 
920 |a Audiovisuales - DVDs 
940 |a Películas 
905 |a 302 
901 |a 0500198724  |b IT2  |c DVS  |i C122512  |u 20250521 
902 |a https://opac.biblio.iteso.mx/vufind/Record/000300639